00870cam a22002417a 4500003000500000005001700005008004100022010001000063011001000073020001500083035001000098040000900108082001500117100003500132245016800167260008800335300002300423650004100446650004300487650002300530700004600553700002900599CHAP20220329142759.0030911d2000 mx r 00110 spa d a87680 a88652 a9688844543 a99197 cCHAP04a333.72bP500aPedroza Sandoval, Aurelioeed.10aAprovechamiento integral de los recursos naturales en zonas áridasc/ed. por Aurelio Pedroza Sandoval, Jesús Héctor Esparza Martínez y José Ruíz Torres aBermejillo, Dgo. :bUACH. Unidad Regional Universitaria de las Zonas Aridas,c2000. a100 h. ;bgráfs.14aRecursos naturalesxAprovechamiento.14aRecursos naturalesxRegiones áridas.14aRegiones áridas.00aEsparza Martínez, Jesús Héctoreed.00aRuiz Torres, Joséeed.